[Event "2. Bundesliga Mitte 2013/2014"]
[Site "Fuerstenfeld"]
[Date "2013.10.04"]
[Round "1"]
[Board "3"]
[White "Wegerer, Fred"]
[Black "Pesorda, Ivan"]
[Result "1-0"]
[WhiteElo "2157"]
[BlackElo "2246"]
[PlyCount "54"]
[EventDate "2013.10.04"]
[EventType "team"]
[EventRounds "11"]
[EventCountry "AUT"]
[WhiteTeam "RbEJ Gleisdorf"]
[BlackTeam "Strassenbahn Graz"]

1. d4 Nf6 2. Nf3 c5 3. d5 e6 4. c4 exd5 5. cxd5 d6 6. Nc3 g6 7. h3 Bg7 8. e4
O-O 9. Bd3 Bd7 10. Bf4 Re8 11. O-O b5 12. Bxd6 b4 13. Ne2 Nxe4 14. Bxe4 Rxe4
15. Ng3 Re8 16. Bxc5 Na6 17. Bd4 Bb5 18. Bxg7 Bxf1 19. Bh6 Bb5 20. Qd4 f6 21.
Ne4 Rxe4 22. Qxe4 Qd6 23. Bf4 Qd7 24. d6 Rc8 25. Qd5+ Kg7 26. Re1 Re8 27. Rc1
Rc8 1-0

[Event "2. Bundesliga Mitte 2013/2014"]
[Site "Fuerstenfeld"]
[Date "2013.10.04"]
[Round "1"]
[Board "4"]
[White "Detter, Peter"]
[Black "Watzka, Horst"]
[Result "1/2-1/2"]
[WhiteElo "2069"]
[BlackElo "2250"]
[PlyCount "40"]
[EventDate "2013.10.04"]
[EventType "team"]
[EventRounds "11"]
[EventCountry "AUT"]
[WhiteTeam "Strassenbahn Graz"]
[BlackTeam "RbEJ Gleisdorf"]

1. d4 Nf6 2. c4 e6 3. g3 Bb4+ 4. Bd2 c5 5. Bxb4 cxb4 6. Bg2 O-O 7. Nd2 d6 8.
Ngf3 Nc6 9. O-O Re8 10. e4 e5 11. d5 Nb8 12. a3 Na6 13. Qb3 Qb6 14. axb4 Qxb4
15. Qxb4 Nxb4 16. Ra4 Nd3 17. Ra3 Nb4 18. Ra4 Nd3 19. Ra3 Nb4 20. Ra4 Nd3
 1/2-1/2

[Event "2. Bundesliga Mitte 2013/2014"]
[Site "Fuerstenfeld"]
[Date "2013.10.04"]
[Round "1"]
[Board "6"]
[White "Kainz, Josef"]
[Black "Sonnberger, Thomas"]
[Result "1-0"]
[WhiteElo "1961"]
[BlackElo "2132"]
[PlyCount "65"]
[EventDate "2013.10.04"]
[EventType "team"]
[EventRounds "11"]
[EventCountry "AUT"]
[WhiteTeam "Strassenbahn Graz"]
[BlackTeam "RbEJ Gleisdorf"]

1. d4 c5 2. d5 e6 3. c4 exd5 4. cxd5 d6 5. e4 a6 6. a4 g6 7. Nf3 Bg7 8. h3 Nh6
9. Bd3 O-O 10. O-O f6 11. Nc3 Nd7 12. Nd2 Nf7 13. f4 Re8 14. Ra3 Qc7 15. Kh1 b6
16. Nc4 Rb8 17. Rb3 Nf8 18. Qf3 Bd7 19. e5 b5 20. axb5 axb5 21. Nxd6 c4 22.
Nxe8 Bxe8 23. d6 Qd8 24. Bxc4 bxc4 25. Rxb8 Qxb8 26. Nd5 fxe5 27. Ne7+ Kh8 28.
fxe5 Bxe5 29. Bh6 Ne6 30. d7 Nxh6 31. Nc6 Qa8 32. Nxe5 Qd8 33. Qf6+ 1-0

[Event "2. Bundesliga Mitte 2013/2014"]
[Site "Fuerstenfeld"]
[Date "2013.10.04"]
[Round "1"]
[Board "1"]
[White "Hera, Imre"]
[Black "Schreiner, Peter"]
[Result "1-0"]
[WhiteElo "2565"]
[BlackElo "2457"]
[PlyCount "99"]
[EventDate "2013.10.04"]
[EventType "team"]
[EventRounds "11"]
[EventCountry "AUT"]
[WhiteTeam "SK Sparkasse Fuerstenfeld"]
[BlackTeam "SV Raika Rapid Feffernitz II"]

1. d4 Nf6 2. c4 g6 3. Nf3 Bg7 4. e3 O-O 5. Be2 d6 6. O-O Nbd7 7. Nc3 e5 8. Qc2
Re8 9. Rd1 e4 10. Nd2 Qe7 11. b4 Nf8 12. Bb2 h5 13. Rac1 N8h7 14. Nb3 h4 15. h3
g5 16. Nd5 Nxd5 17. cxd5 Nf6 18. Qc4 b6 19. b5 Bb7 20. Qxc7 Nxd5 21. Qxe7 Rxe7
22. Ba3 a6 23. Bxd6 Re6 24. Bh2 axb5 25. Bxb5 Rxa2 26. Bd7 Re7 27. Bf5 Re8 28.
Nd2 Nb4 29. Rb1 Bf8 30. Be5 Nd3 31. Rxb6 Ba8 32. Bf6 Bb4 33. Bd7 Rf8 34. Nc4
Be1 35. Be7 Bxf2+ 36. Kh1 Bd5 37. Bxf8 Kxf8 38. Bb5 Rc2 39. Nd6 Bg3 40. Ra1
Nf2+ 41. Kg1 Be6 42. Bf1 Rd2 43. Ra8+ Kg7 44. Ra5 g4 45. hxg4 Nxg4 46. Rg5+ Kf8
47. Nxe4 Rd1 48. Nxg3 Nxe3 49. Rb8+ Ke7 50. Re5 1-0

[Event "2. Bundesliga Mitte 2013/2014"]
[Site "Fuerstenfeld"]
[Date "2013.10.04"]
[Round "1"]
[Board "3"]
[White "Kuba, Guenter"]
[Black "Jeric, Simon"]
[Result "0-1"]
[WhiteElo "2378"]
[BlackElo "2268"]
[PlyCount "86"]
[EventDate "2013.10.04"]
[EventType "team"]
[EventRounds "11"]
[EventCountry "AUT"]
[WhiteTeam "SK Sparkasse Fuerstenfeld"]
[BlackTeam "SV Raika Rapid Feffernitz II"]

1. e4 e5 2. Nf3 Nc6 3. Bc4 Bc5 4. c3 Qe7 5. O-O d6 6. d4 Bb6 7. d5 Nb8 8. a4 a5
9. Be3 Bxe3 10. fxe3 Nf6 11. Nbd2 O-O 12. b4 Nbd7 13. Bb5 Nb6 14. bxa5 Rxa5 15.
Nb3 Ra7 16. Qd3 Bd7 17. a5 Bxb5 18. Qxb5 Qd7 19. Qd3 Nc8 20. c4 Ne7 21. c5 Rfa8
22. Nfd2 Qg4 23. cxd6 cxd6 24. Rac1 Qg6 25. Qc4 h5 26. Qb4 Ng4 27. Rf3 f5 28.
Rc7 fxe4 29. Nxe4 Nf5 30. g3 Nd4 31. Rff7 Nxb3 32. Rxg7+ Qxg7 33. Rxg7+ Kxg7
34. h3 Rxa5 35. hxg4 Ra1+ 36. Kg2 R8a2+ 37. Nf2 Nc5 38. Qb6 Ne4 39. Kf3 Ng5+
40. Kg2 Rc1 41. gxh5 Rcc2 42. h6+ Kh7 43. Qxb7+ Kxh6 0-1

[Event "2. Bundesliga Mitte 2013/2014"]
[Site "Fuerstenfeld"]
[Date "2013.10.04"]
[Round "1"]
[Board "4"]
[White "Arztmann, Wolfgang"]
[Black "Feher, Adam"]
[Result "0-1"]
[WhiteElo "2194"]
[BlackElo "2395"]
[PlyCount "102"]
[EventDate "2013.10.04"]
[EventType "team"]
[EventRounds "11"]
[EventCountry "AUT"]
[WhiteTeam "SV Raika Rapid Feffernitz II"]
[BlackTeam "SK Sparkasse Fuerstenfeld"]

1. e4 e5 2. Nf3 Nc6 3. Nc3 Nf6 4. d4 exd4 5. Nxd4 Bb4 6. Nxc6 bxc6 7. Bd3 d5 8.
exd5 cxd5 9. O-O O-O 10. Bg5 c6 11. Qf3 Be7 12. h3 Rb8 13. b3 Be6 14. Ne2 h6
15. Bf4 Rb6 16. Nd4 Bd7 17. Nf5 Bxf5 18. Bxf5 Bd6 19. Bd2 Bc7 20. Rad1 c5 21.
Rfe1 Re8 22. Rxe8+ Qxe8 23. Re1 Qd8 24. Ba5 Rb8 25. Bc3 d4 26. Bd2 Ba5 27. Bxa5
Qxa5 28. Re5 Qc7 29. Qe2 Kf8 30. g3 Qd6 31. a4 Nd5 32. Bd3 g6 33. Bc4 Ne3 34.
Re4 Qc6 35. f3 Qd6 36. Kf2 Kg7 37. c3 Rd8 38. cxd4 cxd4 39. Qd3 Qd7 40. g4 Qd6
41. f4 Qf6 42. Kg3 g5 43. Qe2 Qd6 44. Qf3 Rc8 45. Rxe3 dxe3 46. Qxe3 Rc7 47.
Kf3 Re7 48. Qc3+ f6 49. fxg5 hxg5 50. Qd3 Qf4+ 51. Kg2 Re3 0-1

[Event "2. Bundesliga Mitte 2013/2014"]
[Site "Fuerstenfeld"]
[Date "2013.10.04"]
[Round "1"]
[Board "5"]
[White "Radnetter, Georg"]
[Black "Hofer, Christian"]
[Result "1-0"]
[WhiteElo "2257"]
[BlackElo "1942"]
[PlyCount "139"]
[EventDate "2013.10.04"]
[EventType "team"]
[EventRounds "11"]
[EventCountry "AUT"]
[WhiteTeam "SK Sparkasse Fuerstenfeld"]
[BlackTeam "SV Raika Rapid Feffernitz II"]

1. Nf3 Nf6 2. c4 g6 3. g3 Bg7 4. Bg2 d5 5. cxd5 Nxd5 6. O-O O-O 7. d4 Nb6 8.
Nc3 Nc6 9. e3 e5 10. dxe5 Nxe5 11. Nxe5 Bxe5 12. Qc2 c6 13. e4 Qe7 14. Bh6 Rd8
15. Rae1 Qc5 16. Bg5 Re8 17. Be3 Bd4 18. Bxd4 Qxd4 19. Ne2 Qc4 20. Qb1 Bg4 21.
b3 Qc5 22. h3 Bxe2 23. Rxe2 Rad8 24. Rd1 Qe7 25. Red2 Qg5 26. f4 Qc5+ 27. Kh2
Qe7 28. Qb2 Na8 29. Rxd8 Rxd8 30. Qe5 Qf8 31. Rxd8 Qxd8 32. Qc5 Nb6 33. a4 h5
34. h4 Qd3 35. a5 Nd7 36. Qe7 c5 37. e5 b5 38. axb6 axb6 39. e6 fxe6 40. Qxe6+
Kg7 41. Bd5 Qc2+ 42. Kh3 Qf5+ 43. Qxf5 gxf5 44. Be6 Nf6 45. Bxf5 Ne8 46. Kg2
Nd6 47. Bd3 b5 48. Kf2 c4 49. bxc4 bxc4 50. Bc2 Kf6 51. Ke3 Nb5 52. Bd1 Kg6 53.
Ba4 Nc3 54. Bc2+ Kf6 55. Kd2 Nb5 56. Be4 Kg7 57. Bf3 Kg6 58. Be2 Nd6 59. Kc2
Nf5 60. Bxc4 Nxg3 61. Bd3+ Kf6 62. Kd2 Nf5 63. Bxf5 Kxf5 64. Ke3 Kg4 65. Ke4
Kxh4 66. f5 Kg5 67. Ke5 h4 68. f6 Kg6 69. Ke6 h3 70. f7 1-0

[Event "2. Bundesliga Mitte 2013/2014"]
[Site "Fuerstenfeld"]
[Date "2013.10.05"]
[Round "2"]
[Board "2"]
[White "Kociscak, Jiri"]
[Black "Handler, Lukas"]
[Result "1/2-1/2"]
[WhiteElo "2434"]
[BlackElo "2388"]
[PlyCount "78"]
[EventDate "2013.10.04"]
[EventType "team"]
[EventRounds "11"]
[EventCountry "AUT"]
[WhiteTeam "SV Steyregg"]
[BlackTeam "SC MPOE Maria Saal II"]

1. d4 Nf6 2. c4 e6 3. Nc3 Bb4 4. Qc2 O-O 5. a3 Bxc3+ 6. Qxc3 b6 7. Bg5 Bb7 8.
Nf3 h6 9. Bh4 d5 10. e3 Nbd7 11. cxd5 Bxd5 12. Ne5 Qc8 13. Nc6 Re8 14. f3 Qb7
15. Rc1 e5 16. dxe5 Bxc6 17. Qxc6 Qxc6 18. Rxc6 Nxe5 19. Rc2 Nd5 20. e4 Ne3 21.
Rc3 Nxf1 22. Rxf1 c5 23. Kd2 g5 24. Bf2 Rad8+ 25. Kc2 f6 26. Rd1 Kf7 27. Rxd8
Rxd8 28. Re3 h5 29. Be1 Ke6 30. Bc3 h4 31. g3 Nc6 32. Rd3 Rh8 33. Bxf6 Kxf6 34.
Rd6+ Ke5 35. Rxc6 hxg3 36. hxg3 Rh3 37. f4+ gxf4 38. gxf4+ Kxe4 39. Rc7 Kxf4
 1/2-1/2

[Event "2. Bundesliga Mitte 2013/2014"]
[Site "Fuerstenfeld"]
[Date "2013.10.05"]
[Round "2"]
[Board "3"]
[White "Hartl, Daniel"]
[Black "Burlacu, Bogdan"]
[Result "1-0"]
[WhiteElo "2286"]
[BlackElo "2342"]
[PlyCount "61"]
[EventDate "2013.10.04"]
[EventType "team"]
[EventRounds "11"]
[EventCountry "AUT"]
[WhiteTeam "SC MPOE Maria Saal II"]
[BlackTeam "SV Steyregg"]

1. d4 Nf6 2. c4 g6 3. g3 Bg7 4. Bg2 O-O 5. Nc3 d6 6. Nf3 Nbd7 7. O-O e5 8. e4
c6 9. h3 exd4 10. Nxd4 Qa5 11. Re1 Ne8 12. Be3 Nc5 13. Qc2 Ne6 14. Nb3 Qc7 15.
Rad1 a6 16. f4 b5 17. c5 dxc5 18. Nxc5 Nd6 19. Bf2 Nb7 20. Nxe6 fxe6 21. e5 g5
22. fxg5 Bxe5 23. Rxe5 Qxe5 24. Ne4 Qf5 25. g4 Qg6 26. Qxc6 e5 27. Nf6+ Kh8 28.
Qc7 Qg7 29. Qxe5 Bxg4 30. Nxg4 Rad8 31. Bd4 1-0

[Event "2. Bundesliga Mitte 2013/2014"]
[Site "Fuerstenfeld"]
[Date "2013.10.05"]
[Round "2"]
[Board "4"]
[White "Enoeckl, Philipp"]
[Black "Halvax, Georg"]
[Result "0-1"]
[WhiteElo "2339"]
[BlackElo "2314"]
[PlyCount "65"]
[EventDate "2013.10.04"]
[EventType "team"]
[EventRounds "11"]
[EventCountry "AUT"]
[WhiteTeam "SV Steyregg"]
[BlackTeam "SC MPOE Maria Saal II"]

1. d4 d5 2. c4 e6 3. Nc3 c6 4. e4 dxe4 5. Nxe4 Bb4+ 6. Bd2 Qxd4 7. Bxb4 Qxe4+
8. Be2 Na6 9. Bd6 Qxg2 10. Qd2 Nf6 11. Bf3 Qg6 12. O-O-O e5 13. Ne2 Be6 14.
Rhg1 Qf5 15. Qe3 h6 16. Rxg7 O-O-O 17. Rg3 Bxc4 18. Qxa7 Rxd6 19. Rxd6 e4 20.
Qd4 exf3 21. Rxf6 fxe2 22. Rxf5 e1=Q+ 23. Qd1 Qxd1+ 24. Kxd1 Rd8+ 25. Kc1 Nb4
26. Ra5 Nxa2+ 27. Kc2 Bd3+ 28. Kb3 Nc1+ 29. Ka3 Kc7 30. Rh3 Kb6 31. b4 Bb5 32.
Kb2 Nd3+ 33. Kc2 0-1

[Event "2. Bundesliga Mitte 2013/2014"]
[Site "Fuerstenfeld"]
[Date "2013.10.05"]
[Round "2"]
[Board "5"]
[White "Kaspret, Guido"]
[Black "Wiesinger, Robert"]
[Result "1-0"]
[WhiteElo "2289"]
[BlackElo "2252"]
[PlyCount "85"]
[EventDate "2013.10.04"]
[EventType "team"]
[EventRounds "11"]
[EventCountry "AUT"]
[WhiteTeam "SC MPOE Maria Saal II"]
[BlackTeam "SV Steyregg"]

1. c4 e5 2. Nc3 Nf6 3. Nf3 Nc6 4. a3 g6 5. d4 exd4 6. Nxd4 Bg7 7. g3 O-O 8. Bg2
Re8 9. Nc2 d6 10. O-O Ne5 11. b3 Nfd7 12. Bb2 Nc5 13. Nd4 Rb8 14. Nd5 c6 15.
Nf4 Qc7 16. Qc2 Ne6 17. Rad1 Nxf4 18. gxf4 Ng4 19. h3 Nh6 20. Qd2 Bd7 21. Nf3
Bxb2 22. Qxb2 Rbd8 23. Ng5 Bf5 24. e4 Bc8 25. Qf6 Rd7 26. Rd3 Qd8 27. Qd4 f6
28. Nf3 a6 29. Rfd1 Qe7 30. Re3 Nf7 31. Nh2 Kg7 32. h4 Nd8 33. Rg3 Ne6 34. Qe3
Nc5 35. f3 Rdd8 36. b4 Na4 37. h5 Be6 38. f5 Bxc4 39. fxg6 Be6 40. gxh7+ Kxh7
41. Rg6 Kh8 42. Qh6+ Qh7 43. Qf4 1-0

[Event "2. Bundesliga Mitte 2013/2014"]
[Site "Fuerstenfeld"]
[Date "2013.10.05"]
[Round "2"]
[Board "1"]
[White "Haba, Petr"]
[Black "Taggatz, Mario"]
[Result "1-0"]
[WhiteElo "2498"]
[BlackElo "2222"]
[PlyCount "89"]
[EventDate "2013.10.04"]
[EventType "team"]
[EventRounds "11"]
[EventCountry "AUT"]
[WhiteTeam "Spg. Grieskirchen/Sedda B.Schallerbach"]
[BlackTeam "Spg. Sauwald"]

1. d4 e6 2. c4 f5 3. g3 Nf6 4. Bg2 Be7 5. Nf3 O-O 6. O-O d6 7. Nc3 Ne4 8. Nxe4
fxe4 9. Nd2 d5 10. f3 Nc6 11. fxe4 Rxf1+ 12. Nxf1 dxc4 13. Be3 Bd7 14. Bf2 b5
15. e5 Rb8 16. Nd2 Be8 17. Ne4 Nb4 18. b3 cxb3 19. axb3 a5 20. Qc1 Bc6 21. Rxa5
Ra8 22. Qa1 Rxa5 23. Qxa5 Bd5 24. Qxb5 Qa8 25. Qa4 Na6 26. Bf3 Bxe4 27. Bxe4
Qxe4 28. Qe8+ Bf8 29. Qxe6+ Kh8 30. Qxa6 Qb1+ 31. Kg2 Qe4+ 32. Kg1 Qb1+ 33. Kg2
Qe4+ 34. Kf1 Qb1+ 35. Be1 Qf5+ 36. Bf2 Qb1+ 37. Be1 Qf5+ 38. Kg1 Qb1 39. Qa5 c5
40. d5 Qxb3 41. Qa8 Kg8 42. d6 Qd1 43. Qa2+ c4 44. Qxc4+ Kh8 45. Kf1 1-0

[Event "2. Bundesliga Mitte 2013/2014"]
[Site "Fuerstenfeld"]
[Date "2013.10.05"]
[Round "2"]
[Board "2"]
[White "Renner, Christoph"]
[Black "Kilgus, Georg"]
[Result "0-1"]
[WhiteElo "2379"]
[BlackElo "2430"]
[PlyCount "80"]
[EventDate "2013.10.04"]
[EventType "team"]
[EventRounds "11"]
[EventCountry "AUT"]
[WhiteTeam "Spg. Sauwald"]
[BlackTeam "Spg. Grieskirchen/Sedda B.Schallerbach"]

1. d4 Nf6 2. Bf4 d6 3. e3 Nbd7 4. Nf3 Nh5 5. Bg5 h6 6. Bh4 g5 7. Nfd2 Ng7 8.
Bg3 Nf5 9. Bd3 Nxg3 10. hxg3 Bg7 11. c3 e6 12. Na3 Nb6 13. Qf3 Qf6 14. Qe2 Bd7
15. Nb5 Qd8 16. e4 a6 17. Na3 Qe7 18. Nc2 f5 19. O-O-O fxe4 20. Nxe4 O-O-O 21.
Rhe1 Rhf8 22. f3 Kb8 23. Kb1 Na4 24. Nb4 a5 25. Nc2 d5 26. Nf2 Qd6 27. Qd2 e5
28. Ng4 Bxg4 29. fxg4 Qb6 30. b3 c5 31. dxe5 c4 32. Nd4 cxd3 33. Nf5 Bh8 34.
Qxd3 Rfe8 35. Ka1 Nc5 36. Qd4 Nd7 37. Qxb6 Nxb6 38. Nxh6 Rxe5 39. Rxe5 Bxe5 40.
Kb2 Bxg3 0-1

[Event "2. Bundesliga Mitte 2013/2014"]
[Site "Fuerstenfeld"]
[Date "2013.10.05"]
[Round "2"]
[Board "5"]
[White "Humer, Wolfgang"]
[Black "Hiermann, Dietmar"]
[Result "1/2-1/2"]
[WhiteElo "2267"]
[BlackElo "2290"]
[PlyCount "83"]
[EventDate "2013.10.04"]
[EventType "team"]
[EventRounds "11"]
[EventCountry "AUT"]
[WhiteTeam "Spg. Grieskirchen/Sedda B.Schallerbach"]
[BlackTeam "Spg. Sauwald"]

1. e4 e5 2. Nc3 Nf6 3. g3 d5 4. exd5 Nxd5 5. Bg2 Nxc3 6. bxc3 Bd6 7. Nf3 O-O 8.
O-O Nc6 9. d4 Rb8 10. Re1 exd4 11. cxd4 Bb4 12. Re3 Be6 13. Bb2 Na5 14. a3 Bd6
15. d5 Bd7 16. Qd4 f6 17. Ng5 h6 18. Ne6 Bxe6 19. dxe6 Nc6 20. Qc4 Qe7 21. Rd1
Ne5 22. Qb3 b5 23. Re4 Nc4 24. Bc1 Kh8 25. Rd5 f5 26. Re2 a6 27. Bh3 c6 28.
Rxf5 Rxf5 29. Bxf5 Na5 30. Qf3 Rf8 31. Qh5 Qf6 32. Bg6 Kg8 33. Bf7+ Kh7 34. Bf4
Nc4 35. Bxd6 Nxd6 36. Qc5 Rxf7 37. exf7 Nxf7 38. Qa7 Ne5 39. Qxa6 Nf3+ 40. Kg2
Ne5 41. Rd2 Qf3+ 42. Kg1 1/2-1/2

[Event "2. Bundesliga Mitte 2013/2014"]
[Site "Fuerstenfeld"]
[Date "2013.10.05"]
[Round "2"]
[Board "6"]
[White "Testor, Sebastian"]
[Black "Schwabeneder, Alois"]
[Result "1-0"]
[WhiteElo "2308"]
[BlackElo "2038"]
[PlyCount "91"]
[EventDate "2013.10.04"]
[EventType "team"]
[EventRounds "11"]
[EventCountry "AUT"]
[WhiteTeam "Spg. Sauwald"]
[BlackTeam "Spg. Grieskirchen/Sedda B.Schallerbach"]

1. d4 Nf6 2. Nf3 g6 3. c4 c5 4. d5 b5 5. Qc2 bxc4 6. e4 d6 7. Bxc4 Bg7 8. O-O
O-O 9. Bf4 Nbd7 10. h3 Nb6 11. Nbd2 Nfd7 12. Rfe1 Nxc4 13. Nxc4 Ba6 14. Nfd2
Nb6 15. Rab1 Nxc4 16. Nxc4 Bxc4 17. Qxc4 Rb8 18. Qc2 Qc7 19. Rec1 Qb7 20. b3
Rfc8 21. Qe2 Qd7 22. Rc4 Rb5 23. Rbc1 Rcb8 24. Bd2 R8b7 25. R1c2 Bd4 26. Qd3 e5
27. Be3 Bxe3 28. Qxe3 f5 29. f4 Qg7 30. exf5 Re7 31. fxg6 exf4 32. gxh7+ Kh8
33. Qxf4 Re5 34. Re4 Rb4 35. Rxb4 cxb4 36. Rc8+ Kxh7 37. Qh4+ Kg6 38. Qg3+ Rg5
39. Qxd6+ Kh5 40. Rc2 Qd4+ 41. Kh2 Rxd5 42. Qg3 Rg5 43. Qf3+ Kh6 44. Rc6+ Kg7
45. Rc7+ Kh6 46. Qf8+ 1-0

[Event "2. Bundesliga Mitte 2013/2014"]
[Site "Fuerstenfeld"]
[Date "2013.10.05"]
[Round "2"]
[Board "1"]
[White "Gonda, Laszlo"]
[Black "Mayerhofer, Peter"]
[Result "1-0"]
[WhiteElo "2560"]
[BlackElo "2202"]
[PlyCount "91"]
[EventDate "2013.10.04"]
[EventType "team"]
[EventRounds "11"]
[EventCountry "AUT"]
[WhiteTeam "ASK St. Valentin"]
[BlackTeam "SPG Freistadt/Wartberg"]

1. d4 g6 2. c4 Bg7 3. e4 d6 4. Nc3 Nc6 5. Be3 e5 6. Nge2 exd4 7. Nxd4 Nge7 8.
h4 f5 9. h5 fxe4 10. hxg6 hxg6 11. Rxh8+ Bxh8 12. Nxc6 Nxc6 13. Qd5 Bxc3+ 14.
bxc3 Bf5 15. Rb1 Qf6 16. Qg8+ Qf8 17. Qxf8+ Kxf8 18. Rxb7 Rc8 19. c5 Ne5 20.
Kd2 a5 21. Bd4 Nc6 22. Bc4 Ke7 23. Ke3 Nxd4 24. cxd4 dxc5 25. dxc5 Bd7 26. Bd5
g5 27. Bxe4 Kf6 28. f3 g4 29. Ra7 gxf3 30. gxf3 a4 31. Kf4 Bb5 32. a3 c6 33.
Rh7 Rf8 34. Rh6+ Kg7+ 35. Kg5 Re8 36. Rh7+ Kg8 37. Kf6 Rf8+ 38. Kg6 Rf4 39. Rc7
Kf8 40. Kg5 Rf7 41. Rxf7+ Kxf7 42. Kf5 Ke7 43. Ke5 Kd7 44. f4 Bc4 45. f5 Bb3
46. Kf6 1-0

[Event "2. Bundesliga Mitte 2013/2014"]
[Site "Fuerstenfeld"]
[Date "2013.10.05"]
[Round "2"]
[Board "2"]
[White "Traunwieser, Georg"]
[Black "Flumbort, Andras"]
[Result "0-1"]
[WhiteElo "2121"]
[BlackElo "2470"]
[PlyCount "84"]
[EventDate "2013.10.04"]
[EventType "team"]
[EventRounds "11"]
[EventCountry "AUT"]
[WhiteTeam "SPG Freistadt/Wartberg"]
[BlackTeam "ASK St. Valentin"]

1. d4 Nf6 2. c4 c5 3. d5 e6 4. Nc3 exd5 5. cxd5 d6 6. e4 g6 7. Nge2 Bg7 8. Ng3
O-O 9. Be2 a6 10. a4 Nbd7 11. O-O Rb8 12. h3 Ne8 13. Be3 Nc7 14. Qd2 b5 15. Bh6
bxa4 16. Bxg7 Kxg7 17. f4 Qh4 18. Kh2 Nb5 19. Rxa4 Nd4 20. Bxa6 Nb6 21. Rxd4
Bxa6 22. Ra1 Nc4 23. Rxc4 Bxc4 24. e5 f5 25. Ra7+ Rf7 26. Qf2 Qd8 27. Ra1 Rfb7
28. Nd1 Bxd5 29. Qd2 dxe5 30. Qc3 Qf6 31. fxe5 Qe6 32. Ne2 Re8 33. Nf4 Qxe5 34.
Qg3 Bf7 35. Ra8 Rbe7 36. Ra6 Kh8 37. Qg5 Rd7 38. Nc3 Rd4 39. Nce2 Re4 40. Ra7
Kg8 41. Kh1 Rxe2 42. Nxe2 Qxe2 0-1

[Event "2. Bundesliga Mitte 2013/2014"]
[Site "Fuerstenfeld"]
[Date "2013.10.05"]
[Round "2"]
[Board "3"]
[White "Sandhoefner, Florian"]
[Black "Koller, Hans-Juergen"]
[Result "1-0"]
[WhiteElo "2271"]
[BlackElo "2065"]
[PlyCount "77"]
[EventDate "2013.10.04"]
[EventType "team"]
[EventRounds "11"]
[EventCountry "AUT"]
[WhiteTeam "ASK St. Valentin"]
[BlackTeam "SPG Freistadt/Wartberg"]

1. e4 g6 2. d4 Bg7 3. Nf3 d6 4. Bc4 e6 5. Qe2 Ne7 6. c3 a6 7. O-O O-O 8. Bf4
Nd7 9. Rd1 b6 10. Qe3 Nf6 11. Bd3 Bb7 12. h3 Re8 13. Re1 Nc6 14. Bh6 e5 15.
Bxg7 Kxg7 16. Nbd2 Qd7 17. d5 Nb8 18. c4 a5 19. b3 Na6 20. a3 Nh5 21. Reb1 h6
22. b4 axb4 23. axb4 Nf4 24. Bf1 g5 25. Ne1 f6 26. Kh2 Reb8 27. g3 Ng6 28. Nd3
Bc8 29. Ra3 b5 30. cxb5 Rxb5 31. Ne1 Rab8 32. Bxb5 Rxb5 33. Qa7 Nb8 34. g4 Nf4
35. Nc4 h5 36. Ne3 Kg6 37. Nf5 Rb7 38. Qa4 Qh7 39. Qe8+ 1-0

[Event "2. Bundesliga Mitte 2013/2014"]
[Site "Fuerstenfeld"]
[Date "2013.10.05"]
[Round "2"]
[Board "5"]
[White "Theuretzbacher, Klaus"]
[Black "Grabner, Hermann"]
[Result "1-0"]
[WhiteElo "2265"]
[BlackElo "1973"]
[PlyCount "71"]
[EventDate "2013.10.04"]
[EventType "team"]
[EventRounds "11"]
[EventCountry "AUT"]
[WhiteTeam "ASK St. Valentin"]
[BlackTeam "SPG Freistadt/Wartberg"]

1. e4 e5 2. Nf3 Nc6 3. Nc3 Nf6 4. a3 Be7 5. d4 d6 6. h3 exd4 7. Nxd4 Bd7 8. Be2
h6 9. O-O g5 10. Kh1 Qc8 11. Nd5 Rg8 12. Nxc6 Bxc6 13. Qd4 Bxd5 14. exd5 Qf5
15. Bd3 Qxd5 16. Qxd5 Nxd5 17. Be4 Nb6 18. Bxb7 Rb8 19. Bc6+ Nd7 20. b4 Bf6 21.
Rb1 Ke7 22. f4 gxf4 23. Bxf4 Ne5 24. Rbe1 h5 25. Bd5 Rg7 26. Re2 Rh7 27. Ref2
Rf8 28. b5 Ng4 29. hxg4 hxg4+ 30. Kg1 Rfh8 31. g3 Bd4 32. Be3 Bxe3 33. Re1 f5
34. Rxe3+ Kf6 35. a4 Kg5 36. Kf1 1-0

[Event "2. Bundesliga Mitte 2013/2014"]
[Site "Fuerstenfeld"]
[Date "2013.10.05"]
[Round "2"]
[Board "1"]
[White "Freitag, Manfred"]
[Black "Hera, Imre"]
[Result "1/2-1/2"]
[WhiteElo "2382"]
[BlackElo "2565"]
[PlyCount "83"]
[EventDate "2013.10.04"]
[EventType "team"]
[EventRounds "11"]
[EventCountry "AUT"]
[WhiteTeam "ESV Austria Graz"]
[BlackTeam "SK Sparkasse Fuerstenfeld"]

1. d4 Nf6 2. c4 e6 3. Nc3 Bb4 4. Qc2 O-O 5. a3 Bxc3+ 6. Qxc3 b6 7. Nf3 Bb7 8.
e3 d6 9. Be2 Nbd7 10. O-O Ne4 11. Qc2 f5 12. b4 Rf6 13. Bb2 Rg6 14. d5 exd5 15.
cxd5 Bxd5 16. Bc4 Bxc4 17. Qxc4+ Kh8 18. Qf7 Nef6 19. Qe6 Qe8 20. Qxf5 Qe4 21.
Qxe4 Nxe4 22. Rad1 a5 23. Ne1 Re6 24. Nd3 Nef6 25. Nf4 Re7 26. b5 Kg8 27. Rc1
Nc5 28. Bxf6 gxf6 29. Nd5 Rf7 30. a4 Re8 31. Rc4 f5 32. f3 Re5 33. Rd1 Kf8 34.
Kf2 Ke8 35. Rh4 Kd7 36. Rhd4 Kc8 37. Rf4 Ne6 38. Rc4 Nc5 39. h3 Kb7 40. Rf4 Ne6
41. Rc4 Nc5 42. Rf4 1/2-1/2

[Event "2. Bundesliga Mitte 2013/2014"]
[Site "Fuerstenfeld"]
[Date "2013.10.05"]
[Round "2"]
[Board "2"]
[White "Poetz, Florian"]
[Black "Karner, Christoph"]
[Result "1/2-1/2"]
[WhiteElo "2431"]
[BlackElo "2343"]
[PlyCount "114"]
[EventDate "2013.10.04"]
[EventType "team"]
[EventRounds "11"]
[EventCountry "AUT"]
[WhiteTeam "SK Sparkasse Fuerstenfeld"]
[BlackTeam "ESV Austria Graz"]

1. e4 c5 2. Nf3 d6 3. d4 cxd4 4. Nxd4 Nf6 5. Nc3 a6 6. Be3 e5 7. Nb3 Be6 8. f3
h5 9. Qd2 Nbd7 10. Be2 Rc8 11. O-O Be7 12. a4 O-O 13. a5 Qc7 14. Rfd1 Rfd8 15.
Bf1 d5 16. exd5 Nxd5 17. Nxd5 Bxd5 18. Qxd5 Nf6 19. Qc4 Rxd1 20. Rxd1 Qxc4 21.
Bxc4 Rxc4 22. c3 Kf8 23. Bg5 Ke8 24. Bxf6 gxf6 25. Rd5 Ra4 26. Nd2 Ra2 27. Nc4
Ra4 28. b4 Ra1+ 29. Kf2 Rc1 30. Nd6+ Bxd6 31. Rxd6 Rxc3 32. Rxf6 h4 33. h3 Rc2+
34. Kg1 Rc1+ 35. Kh2 Ke7 36. Rb6 Rc7 37. g4 f6 38. Kg2 Kf7 39. Kf2 Kg6 40. Ke3
Kg5 41. Ke4 Rd7 42. b5 axb5 43. f4+ exf4 44. Rxb5+ Kg6 45. Rh5 f3 46. Kxf3 Rd3+
47. Kg2 Rg3+ 48. Kh2 Ra3 49. Rxh4 Rxa5 50. Rh8 Ra3 51. h4 b5 52. Rb8 Rb3 53.
Rb6 Rb2+ 54. Kg3 Rb3+ 55. Kf4 Rb4+ 56. Kf3 Rb3+ 57. Kf4 Rb4+ 1/2-1/2

[Event "2. Bundesliga Mitte 2013/2014"]
[Site "Fuerstenfeld"]
[Date "2013.10.05"]
[Round "2"]
[Board "3"]
[White "Kotz, Heinz Peter"]
[Black "Kuba, Guenter"]
[Result "1/2-1/2"]
[WhiteElo "2339"]
[BlackElo "2378"]
[PlyCount "105"]
[EventDate "2013.10.04"]
[EventType "team"]
[EventRounds "11"]
[EventCountry "AUT"]
[WhiteTeam "ESV Austria Graz"]
[BlackTeam "SK Sparkasse Fuerstenfeld"]

1. e4 e5 2. Nf3 Nc6 3. d4 exd4 4. Nxd4 Bc5 5. Nxc6 Qf6 6. Qd2 dxc6 7. Nc3 Bd4
8. Bd3 Ne7 9. O-O Ng6 10. Ne2 Bb6 11. Qg5 Qxg5 12. Bxg5 Ne5 13. Bf4 Nxd3 14.
cxd3 Bg4 15. Nc1 O-O-O 16. Be3 Bd4 17. Bxd4 Rxd4 18. f3 Be6 19. Kf2 Rhd8 20.
Ke3 c5 21. Rd1 c4 22. b3 a5 23. Rb1 c5 24. Rb2 cxb3 25. Nxb3 Bxb3 26. Rxb3 c4
27. Rc1 Rxd3+ 28. Rxd3 Rxd3+ 29. Ke2 b5 30. a4 Rb3 31. axb5 Rb4 32. Ra1 Rxb5
33. Ke3 Kc7 34. Kd4 Kb6 35. Kxc4 Rb2 36. g4 Rxh2 37. Kd5 Rf2 38. Rb1+ Ka6 39.
Kc6 Rxf3 40. Rb6+ Ka7 41. Rb7+ Ka8 42. Rb5 a4 43. Ra5+ Kb8 44. Rxa4 Rf6+ 45.
Kd7 Re6 46. Rb4+ Ka7 47. Rd4 Kb7 48. g5 Re5 49. Rd5 Rxe4 50. Rb5+ Ka6 51. Rf5
Rg4 52. Ke7 g6 53. Rxf7 1/2-1/2